Publicaciones diarias periódicas extranjeras que recibe la Hemeroteca Nacional / (Record no. 63059)

MARC details
000 -LEADER
campo de control de longitud fija 00766nam a2200205 i 4500
001 - NÚMERO DE CONTROL
campo de control 63059
003 - IDENTIFICADOR DE NÚMERO DE CONTROL
campo de control ES-MaACL
005 - FECHA Y HORA DE LA ÚLTIMA TRANSACCIÓN
campo de control 20230906164759.0
007 - CAMPO FIJO DE DESCRIPCIÓN FÍSICA--INFORMACIÓN GENERAL
campo de control de longitud fija t|
008 - DATOS DE LONGITUD FIJA--INFORMACIÓN GENERAL
campo de control de longitud fija 031128s1950 sp f c |||| | spa d
110 2# - ENTRADA PRINCIPAL--NOMBRE DE ENTIDAD CORPORATIVA
Nombre de entidad corporativa o nombre de jurisdicción como elemento de entrada Hemeroteca Nacional (
Sede del congreso/Lugar de la reunión España)
9 (RLIN) 4563
245 10 - MENCIÓN DEL TÍTULO
Título Publicaciones diarias periódicas extranjeras que recibe la Hemeroteca Nacional /
Mención de responsabilidad, etc. por Ramón Fernández Pousa.
260 ## - PUBLICACIÓN, DISTRIBUCIÓN, ETC.
Lugar de publicación, distribución, etc. Madrid :
Nombre del editor, distribuidor, etc. [s.n.],
Fecha de publicación, distribución, etc. 1950 (
Fabricante Imp. E.M.E)
300 ## - DESCRIPCIÓN FÍSICA
Extensión 37 p., [9] h. de lám. ;
Dimensiones 22 cm.
610 24 - PUNTO DE ACCESO ADICIONAL DE MATERIA--NOMBRE DE ENTIDAD CORPORATIVA
Nombre de entidad corporativa o nombre de jurisdicción como elemento de entrada Hemeroteca Nacional (España)-
Subdivisión de forma Catálogos.
9 (RLIN) 162896
650 #4 - PUNTO DE ACCESO ADICIONAL DE MATERIA--TÉRMINO DE MATERIA
Término de materia o nombre geográfico como elemento de entrada Publicaciones periódicas-
Subdivisión geográfica Hemeroteca Municipal de Madrid-
Subdivisión de forma Catálogos.
9 (RLIN) 141345
700 1# - ENTRADA AGREGADA--NOMBRE PERSONAL
Nombre de persona Fernández Pousa, Ramón
9 (RLIN) 50010
852 ## - LOCALIZACIÓN
Ubicación ES-MaACL
Número de control de estantería 1918-F-20
Holdings
Estatus retirado Estado de pérdida Estado de daño No para préstamo Colección Biblioteca de origen Biblioteca actual Ubicación en estantería Fecha de adquisición Fuente de adquisición Total de préstamos Signatura topográfica completa Código de barras Visto por última vez Precio de reemplazo Tipo de ítem Koha
        Colección de folletos Biblioteca del Ateneo de Madrid Biblioteca del Ateneo de Madrid Depósito folletos 17/01/2008     1918-F-20 1066107 23/02/2023 23/02/2023 Folleto